Trade union law, (Record no. 752)
[ view plain ]
| 000 -LEADER | |
|---|---|
| fixed length control field | 01185cam a22003131 4500 |
| 001 - CONTROL NUMBER | |
| control field | 4528534 |
| 003 - CONTROL NUMBER IDENTIFIER | |
| control field | OSt |
| 005 - DATE AND TIME OF LATEST TRANSACTION | |
| control field | 20110428120748.0 |
| 008 - FIXED-LENGTH DATA ELEMENTS--GENERAL INFORMATION | |
| fixed length control field | 770614s1950 enk 001 0 eng |
| 010 ## - LIBRARY OF CONGRESS CONTROL NUMBER | |
| LC control number | 51002602 |
| 035 ## - SYSTEM CONTROL NUMBER | |
| System control number | (DLC) 51002602 |
| 040 ## - CATALOGING SOURCE | |
| Original cataloging agency | DLC |
| Transcribing agency | WU-L |
| Modifying agency | WU-L |
| -- | DLC |
| 043 ## - GEOGRAPHIC AREA CODE | |
| Geographic area code | e-uk-en |
| 050 00 - LIBRARY OF CONGRESS CALL NUMBER | |
| Classification number | KD3050 |
| Item number | .C58 1950 |
| 082 00 - DEWEY DECIMAL CLASSIFICATION NUMBER | |
| Classification number | 331.880942 CIT |
| 100 1# - MAIN ENTRY--PERSONAL NAME | |
| Personal name | Citrine, Norman Arthur, |
| Titles and other words associated with a name | Lord, |
| Dates associated with a name | 1914-1997. |
| 9 (RLIN) | 2050 |
| 245 10 - TITLE STATEMENT | |
| Title | Trade union law, |
| Statement of responsibility, etc | with a foreword by Lord Jowitt and an introd. by Sir Henry Slesser. |
| 260 ## - PUBLICATION, DISTRIBUTION, ETC. (IMPRINT) | |
| Place of publication, distribution, etc | London, |
| Name of publisher, distributor, etc | Stevens, |
| Date of publication, distribution, etc | 1950. |
| 300 ## - PHYSICAL DESCRIPTION | |
| Extent | xliv, 700 p. |
| Dimensions | 25 cm. |
| 500 ## - GENERAL NOTE | |
| General note | "Based on 'Trade union law' ... by ... Sir Henry Slesser ... and Charles Baker." |
| 500 ## - GENERAL NOTE | |
| General note | Includes legislation. |
| 650 #0 - SUBJECT ADDED ENTRY--TOPICAL TERM | |
| Topical term or geographic name as entry element | Labor unions |
| General subdivision | Law and legislation |
| Geographic subdivision | Great Britain. |
| 9 (RLIN) | 2051 |
| 700 1# - ADDED ENTRY--PERSONAL NAME | |
| Personal name | Slesser, Henry Herman, |
| Titles and other words associated with a name | Sir, |
| Dates associated with a name | 1883- |
| Title of a work | Trade union law. |
| 9 (RLIN) | 2052 |
| 710 1# - ADDED ENTRY--CORPORATE NAME | |
| Corporate name or jurisdiction name as entry element | Great Britain. |
| Form subheading | Laws, statutes, etc. |
| 9 (RLIN) | 2053 |
| 906 ## - LOCAL DATA ELEMENT F, LDF (RLIN) | |
| a | 7 |
| b | cbc |
| c | orignew |
| d | u |
| e | ocip |
| f | 19 |
| g | y-gencatlg |
| 942 ## - ADDED ENTRY ELEMENTS (KOHA) | |
| Source of classification or shelving scheme | Dewey Decimal Classification |
| Koha item type | Books |
| Withdrawn status | Lost status | Source of classification or shelving scheme | Damaged status | Not for loan | Home library | Current library | Shelving location | Date acquired | Total Checkouts | Full call number | Barcode | Date last seen | Price effective from | Koha item type |
|---|---|---|---|---|---|---|---|---|---|---|---|---|---|---|
| Dewey Decimal Classification | Law Development Centre Main Library | Law Development Centre Main Library | Text Books and Laws | 04/28/2011 | 331.880942 CIT | 72402 | 04/28/2011 | 04/28/2011 | Books |
